000 00316nam a22001457a 4500
008 230418b ||||| |||| 00| 0 eng d
020 _a9780471183440
041 _aeng
080 _a610.73
082 _a610.73CAP
100 _a5
101 _aMJEKSI
245 _aDUE CONSIDERATION
_cCAPLAN.A
942 _2udc
_cBK
999 _c59585
_d59585